000 00776 a2200205 4500
020 _a0824754026
020 _a9780824754020
082 0 4 _a519.2
090 _c1572
_d1572
100 1 _aGalambos, Janos.
245 1 0 _aProducts of random variables :
_bapplications to problems of physics and to arithmetical functions /
_cJanos Galambos, Italo Simonelli.
250 _a1st ed.
260 _a[S.l.] :
_bCRC Press,
_c2004.
300 _a344 p. ;
_c24 cm.
490 1 _aChapman & hall/crc pure and applied mathematics.
700 1 _aSimonelli, Italo.
830 0 _aChapman & hall/crc pure and applied mathematics.
942 _aSNS
_cBK
_k519.2 GAL
999 _c30182
_d30182